Pohľadávky ako súčasť majetku obcí a ROPO

Pohľadávky významne ovplyvňujú majetkovú štruktúru účtovnej jednotky. Ich výška má vplyv na ekonomickú situáciu ÚJ VS. Vysoký podiel pohľadávok po lehote splatnosti môže spôsobovať problémy v činnosti ÚJ VS a jej rozpočtu. Ide o podiel pohľadávok k rozpočtu. Z účtovného hľadiska je pohľadávka položk...

Descrizione completa

Salvato in:
Dettagli Bibliografici
Autore principale: Jakubíková, Hana
Natura: Capitolo di libro
Lingua:slovacco
Soggetti:
Tags: Aggiungi Tag
Nessun Tag, puoi essere il primo ad aggiungerne!!

MARC

LEADER 00000naa a2200000 4500
001 0223508
005 20240502073645.9
041 0 |a slo 
044 |a SK 
245 1 0 |a Pohľadávky ako súčasť majetku obcí a ROPO  |c Hana Jakubíková 
520 |a Pohľadávky významne ovplyvňujú majetkovú štruktúru účtovnej jednotky. Ich výška má vplyv na ekonomickú situáciu ÚJ VS. Vysoký podiel pohľadávok po lehote splatnosti môže spôsobovať problémy v činnosti ÚJ VS a jej rozpočtu. Ide o podiel pohľadávok k rozpočtu. Z účtovného hľadiska je pohľadávka položkou obežných aktív. Podľa času sa členia na dlhodobé pohľadávky a krátkodobé pohľadávky. Dlhodobé pohľadávky sú tie, ktoré majú dohodnutú dobu splatnosti dlhšiu ako jeden rok a krátkodobé pohľadávky sú tie, ktoré majú dohodnutú dobu splatnosti najviac jeden rok. 
610 2 0 |a majetok 
610 2 0 |a jednotka účtovná 
610 2 0 |a obce 
610 2 0 |a pohľadávky 
100 1 |a Jakubíková, Hana